000 02177nam a2200565 i 4500
001 991053129450405066
003 NyNyJPI
005 20260413141840.0
008 241219s2024 pl cdhp |001 0 pol c
009 b1000005990012
015 _aUWD 2024/40895
020 _a9788324241064
_q(oprawa miękka) :
_czł 44
020 _z9788324268221
_q(e-book)
035 _a(PL)b1000005990012
035 _a(EXLNZ-48OMNIS_NETWORK)9914572366405606
040 _aKR U
_cKR U
_dKR U
_dWA N
_dKR U
_dWA N
_dGD U
_dLUBL KUL
_dWR M
_dWA U
045 2 _bd1939
_bd1945
046 _k2024
080 _a94(438).082.2
084 _a01
100 1 _aJarkowska, Alicja
_eAutor
245 1 0 _aBrunatna pajęczyna :
_bagenci Gestapo w okupowanym Krakowie i ich powojenne losy /
_cAlicja Jarkowska.
246 3 0 _aAgenci Gestapo w okupowanym Krakowie i ich powojenne losy
260 _aKraków :
_bUniversitas,
_ccopyright 2024.
300 _a310, [2] strony :
_bfaksymilia, fotografie, plany, portrety ;
_c24 cm.
336 _aTekst
_btxt
_2rdacontent
337 _aBez urządzenia pośredniczącego
_bn
_2rdamedia
338 _aWolumin
_bnc
_2rdacarrier
380 _aKsiążki
380 _aPublikacje naukowe
388 1 _a2001-
504 _aBibliografia, netografia, wykaz aktów prawnych na stronach 287-298. Indeks.
536 _aWspółfinansowanie: Wydział Historyczny (Uniwersytet Jagielloński)
610 2 7 _aGestapo
_2DBN
610 2 0 _aGermany.
_bGeheime Staatspolizei
_xHistory.
648 7 _a1901-2000
_2DBN
648 7 _a1939-1945
_2DBN
650 7 _aOkupacja niemiecka Polski (1939-1945)
_2DBN
650 7 _aTajni współpracownicy służb specjalnych
_2DBN
650 0 _aWorld War, 1939-1945
_xCollaborationists
_zPoland
_zKraków.
650 0 _aWorld War, 1939-1945
_xAtrocities
_zPoland
_zKraków.
650 0 _aSecret service
_zGermany
_xHistory
_y20th century.
651 7 _aGeneralne Gubernatorstwo (1939-1945)
_2DBN
651 7 _aKraków (woj. małopolskie)
_2DBN
651 7 _aNiemcy
_2DBN
655 7 _aMonografia
_2DBN
658 _aHistoria
710 2 _aTowarzystwo Autorów i Wydawców Prac Naukowych Universitas
_eWydawca
_4pbl
942 _2z
_cBK
_n0
999 _c91096
_d91096